000 00698nam a22002057a 4500
003 OSt
005 20160610142802.0
008 131001t xxu||||| |||| 00| 0 eng d
020 _a9780139239550
050 _aPE 1128.A2
_b.H467 2000
082 _aGLT 428.007
_bH43 2000
100 _aHerrell, Adrienne L.
_922441
245 _aFifty strategies for teaching English language learners /
_cAdrienne L. Herrell.
260 _aN.J., Merrill :
_bPrentice Hall,
_c2000
300 _a239 p. :
_bill. ;
_c27 cm.
650 _aEnglish language
_xStudy and teaching
_xForeign speakers
_922442
650 _a50 strategies for teaching English language learners.
_922443
942 _2lcc
_cBK
999 _c12521
_d12521